Responses for Show #7783 - Wednesday, June 13, 2018

Contestants

[<< previous game]

Nick Anspach, a professor of political science from York, Pennsylvania

Diana Hsu, a legal records assistant from Malden, Massachusetts

Catherine Ono, a software developer from Santa Clara, California (whose 2-day cash winnings total $46,402)

[next game >>]

Jeopardy! Round responses

SCIENCE
"S"EVEN LETTER WORDS
U.S. LIBRARIES
SINGERS' SHARED FIRST NAMES
POLITICS & CURRENT AFFAIRS BOOKS
BACK PEDDLING
    $200 1
tides

Diana
    $200 14
a syringe

Catherine
    $200 11
(Nick: What is Dartmouth?)
(Alex: No.)
(Diana: [As she rings in] What is [*]?)
(Alex: Diana, you rang in and said [*], and Catherine's upset because she's a graduate of [*].)

Brown

DianaNick
    $200 26
Kenny

Diana
    $200 3
Scalia

Catherine
    $200 20
Jack in the Box

Nick
    $400 2
(Diana: What is... gynecology?)

embryology

Diana
Triple Stumper
    $400 15
(Nick: What is a...)

a snorkel

DianaNick
    $400 12
the New York Public Library

Diana
    $400 27
Stevie

Diana
    $400 4
North Korea

Catherine
    $400 22
Farmers

Diana
    $600 8
cumulonimbus

Nick
    $600 16
spyware

Catherine
    $600 13
(Alex: Yes, Theodor Geisel.)

Dr. Seuss

Nick
    $600 28
Gloria

Catherine
    $600 5
Chris Matthews

Nick
    $600 23
Chili's

Diana
    $800 9
enzymes

Catherine
    $800 17
a skillet

Catherine
    $800 18
Calvin Coolidge

Diana
    $800 29
Michael

Nick
    $800 6
Israel

Nick
    $800 24
Goldfish

Diana
    $1000 10
neutrinos

Catherine
    $1000 21
a sarcoma

Diana
    $600 19
(Diana: What is Chicago?)

Salt Lake City

Diana
    $1000 30
Natalie

Nick
    $1000 7
Huey Long

Catherine
    $1000 25
Ford

Catherine

Scores at the first commercial break (after clue 15):

Catherine Diana Nick
$3,600 $800 $2,000

Scores at the end of the Jeopardy! Round:

Catherine Diana Nick
$6,600 $4,400 $4,000

Double Jeopardy! Round responses

APPALACHIAN APPELLATION
TOP TV SHOWS 1968
IDIOM ORIGINS
X-MEN MARK THE LITERARY SPOT
BACH
TO THE FUTURE
    $400 17
West Virginia

Nick
    $400 26
(Alex: Less than a minute now.)

the Vietnam War

Nick
    $400 9
gold

Diana
    $400 1
Iceman

Catherine
    $400 6
baroque

Nick
    $400 15
(Nick: What is EPCOT?)

Tomorrowland

DianaNick
    $800 22
coal

Nick
    $800 30
Mission: Impossible

Nick
    $800 10
(Nick: What are the details?)

the deep blue sea

DianaNick
    $800 2
Mystique

Diana
    $4,000 7
(Nick: What is "The Well-Tempered Klavier"?)

the "Goldberg Variations"

Nick
    $800 16
Deepak Chopra

Triple Stumper
    $3,000 23
(Alex: Nick?)
(Nick: I don't know.)

the Borscht Belt

Nick
    $1200 29
Green Acres

Diana
    $1200 11
pot

Catherine
    $1200 3
Rogue

Nick
    $1200 8
Epiphany

Catherine
    $1200 19
Blade Runner

Diana
    $1600 24
Maine

Diana
    $1600 28
Jim Nabors

Nick
    $1600 12
bury the hatchet

Diana
    $1600 4
Colossus

Nick
    $1600 14
"The Well-Tempered Klavier"

Diana
    $1600 20
Future Shock

Triple Stumper
    $2000 25
(Nick: What are the Blue Mountains?)

the Great Smoky Mountains

CatherineNick
    $2000 27
Sebastian Cabot

Triple Stumper
    $2000 13
take the bull by the horns

Nick
    $2000 5
Angel

Nick
    $2000 18
Pachelbel

Diana
    $2000 21
David Mitchell

Triple Stumper

Scores at the end of the Double Jeopardy! Round:

Catherine Diana Nick
$11,400 $16,000 $5,000

[wagering suggestions for these scores]

Final Jeopardy! Round responses

1990s ANIMATED FILMS
NickWhat is the Lion King?
$5,000
CatherineWhat is The Lion King?
$2,200
DianaWhat is The Lion King
$8,001
The Lion King

Final scores:

Catherine Diana Nick
$13,600 $24,001 $10,000
2nd place: $2,000 New champion: $24,001 3rd place: $1,000

Game dynamics:

Coryat scores:

Catherine Diana Nick
$11,400 $16,600 $12,000
14 R,
0 W
21 R,
2 W
(including 1 DD)
17 R,
7 W
(including 2 DDs)

Combined Coryat: $40,000

[game clues] [game scores] [suggest correction]

Game tape date: 2018-02-14
The J! Archive is created by fans, for fans. Scraping, republication, monetization, and malicious use prohibited; this site may use cookies and collect identifying information. See terms. The Jeopardy! game show and all elements thereof, including but not limited to copyright and trademark thereto, are the property of Jeopardy Productions, Inc. and are protected under law. This website is not affiliated with, sponsored by, or operated by Jeopardy Productions, Inc. Join the discussion at JBoard.tv.